Marianne AMAR, Marie POINSOT et Catherine WITHOL DE WENDEN (dir.), À chacun ses étrangers ? France-Allemagne de 1871 à aujourd’hui, Arles, Actes Sud et Cité nationale de l’histoire de l’immigration, 2009, 215 p. (notice n° 1641137)

détails MARC
000 -LEADER
fixed length control field 02004cam a2200169 4500500
005 - DATE AND TIME OF LATEST TRANSACTION
control field 20260201103523.0
041 ## - LANGUAGE CODE
Language code of text/sound track or separate title fre
042 ## - AUTHENTICATION CODE
Authentication code dc
100 10 - MAIN ENTRY--PERSONAL NAME
Personal name Laberge, Yves
Relator term author
245 00 - TITLE STATEMENT
Title Marianne AMAR, Marie POINSOT et Catherine WITHOL DE WENDEN (dir.), À chacun ses étrangers ? France-Allemagne de 1871 à aujourd’hui, Arles, Actes Sud et Cité nationale de l’histoire de l’immigration, 2009, 215 p.
260 ## - PUBLICATION, DISTRIBUTION, ETC.
Date of publication, distribution, etc. 2011.<br/>
500 ## - GENERAL NOTE
General note 16
520 ## - SUMMARY, ETC.
Summary, etc. RésuméDans cet article, nous analysons le passage de l’école à la vie professionnelle des jeunes hommes et des jeunes femmes issus des familles immigrées nord-africaines en nous servant des données statistiques de l’enquête dite « Génération 98 » du CEREQ, enquête qui a été réalisée en 2001 auprès des élèves et étudiants en fin d’études en 1998. Nous nous centrons sur les inégalités hommes-femmes, dans le contexte d’une jeunesse souvent issue des fractions les plus paupérisées du monde ouvrier et, de surcroît, confrontée aux discriminations d’origine raciste. C’est avec cette grille de lecture que nous lirons les inégalités de sexe et les divisions dans l’emploi.
520 ## - SUMMARY, ETC.
Summary, etc. In this paper we focus on the transition between school and employment of young men and women with a North African background. Our empirical data is grounded on the French 2001 Cereq survey « Generation 98 ». Our aim is to try to understand the gender relationship on the labour market, once the initial training is over. More precisely, our frame of reference tries to underline the gender inequalities within a social context where second generation youths are very often labelled as children of the most precarious part of the working class and, furthermore, face racial discrimination.
786 0# - DATA SOURCE ENTRY
Note L'Homme & la Société | 176-177 | 2 | 2011-02-01 | p. 267c-283c | 0018-4306
856 41 - ELECTRONIC LOCATION AND ACCESS
Uniform Resource Identifier <a href="https://shs.cairn.info/revue-l-homme-et-la-societe-2010-2-page-267c?lang=fr&redirect-ssocas=7080">https://shs.cairn.info/revue-l-homme-et-la-societe-2010-2-page-267c?lang=fr&redirect-ssocas=7080</a>

Pas d'exemplaire disponible.

PLUDOC

PLUDOC est la plateforme unique et centralisée de gestion des bibliothèques physiques et numériques de Guinée administré par le CEDUST. Elle est la plus grande base de données de ressources documentaires pour les Étudiants, Enseignants chercheurs et Chercheurs de Guinée.

Adresse

627 919 101/664 919 101

25 boulevard du commerce
Kaloum, Conakry, Guinée

Réseaux sociaux

Powered by Netsen Group @ 2025